NFL Draft 2018 Quarterbacks Drafted - Statistics

General Stats
  • This quiz has been taken 54 times
  • The average score is 6 of 13
Answer Stats
Round Player Team College % Correct
1 Baker Mayfield Browns Oklahoma
100%
1 Josh Allen Bills Wyoming
100%
1 Sam Darnold Jets USC
100%
1 Lamar Jackson Ravens Louisville
98%
1 Josh Rosen Cardinals UCLA
89%
3 Mason Rudolph Steelers Oklahoma State
66%
7 Logan Woodside Bengals Toledo
11%
5 Mike White Cowboys Western Kentucky
11%
4 Kyle Lauletta Giants Richmond
9%
6 Luke Falk Titans Washington State
9%
7 Danny Etling Patriots Louisiana State
7%
6 Tanner Lee Jaguars Nebraska
7%
7 Alex McGough Seahawks Florida International
5%
No matching quizzes found
Score Distribution
Percent of People with Each Score
Percentile by Number Answered
Your Score History
You have not taken this quiz